000 01470cam a22003378i 4500
001 18875646
005 20160809133759.0
008 151130s2016 nyu b 001 0 eng
010 _a 2015047102
020 _a9781472591159 (hb)
020 _a9781472591128 (pb)
040 _aDLC
_beng
_cDLC
_erda
042 _apcc
043 _an-us---
_ae-uk---
050 0 0 _aBV 639
_bLYN 2016
082 0 0 _a362.73
_223
100 1 _aLynch, Gordon,
_d1968-
_eauthor.
245 1 0 _aRemembering child migration :
_bfaith, nation-building, and the wounds of charity /
_cGordon Lynch.
260 _aLondon:
_bBloomsbury,
_c2016.
263 _a1602
300 _apages cm
504 _aIncludes bibliographical references and index.
505 0 _aThe humane remedy : America and the development of mass child migration -- In the children's land of promise: UK child migration schemes to Canada -- No placeless waifs but inheritors of sacred duties : UK child migration schemes to Australia -- I love both my mummies: moral meanings and the wounds of charity -- Remembering child migration today.
650 0 _aChurch work with children
_zUnited States.
650 0 _aChurch work with children
_zGreat Britain.
650 0 _aChurch work with immigrants
_zUnited States.
650 0 _aChurch work with immigrants
_zGreat Britain.
906 _a7
_bcbc
_corignew
_d1
_eecip
_f20
_gy-gencatlg
942 _2lcc
_cBK
999 _c5558
_d5558